000
00312nam a22001457a 4500
003
SGT
020
_a
978-93-7473-674-6
100
_a
SHUKLA, PADMINI
245
_a
HERBAL DRUG TECHNOLOGY
250
_a
1st
260
_a
AITBS, PUB.
_b
DELHI
_c
2020
650
_a
HERBAL, DRUG
653
_a
DRUG
942
_2
ddc
_c
BK
999
_c
24671
_d
24671